| Tag |
First Indicator |
Second Indicator |
Subfields |
| LEADER |
00000cam a2200000I 4500 |
| 001 |
in00002038821 |
| 005 |
20151101052932.0 |
| 008 |
750429s1963 nyuc b 000 0 eng |
| 010 |
|
|
|a 64025901
|
| 035 |
|
|
|a (OCoLC)ocm01303145
|
| 040 |
|
|
|a DLC
|c CPL
|d SER
|d OCLCQ
|d UV$
|d TXA
|d UtOrBLW
|
| 043 |
|
|
|a e-gx---
|a e-gw---
|
| 049 |
|
|
|a TXAM
|
| 050 |
0 |
0 |
|a DD247.H38
|b A7
|
| 090 |
|
|
|a DD247.H38
|b A7 1963
|
| 100 |
1 |
|
|a Allen, Charles R.,
|c Jr.,
|d 1926-2004.
|
| 245 |
1 |
0 |
|a Heusinger of the Fourth Reich.
|
| 264 |
|
1 |
|a [New York] :
|b Marzani & Munsell,
|c [1963]
|
| 300 |
|
|
|a 320 pages :
|b portraits ;
|c 22 cm.
|
| 336 |
|
|
|a text
|b txt
|2 rdacontent
|
| 337 |
|
|
|a unmediated
|b n
|2 rdamedia
|
| 338 |
|
|
|a volume
|b nc
|2 rdacarrier
|
| 504 |
|
|
|a Bibliographical references included in "Notes" (pages 304-320).
|
| 505 |
0 |
|
|a Prologue: The myth of Hitler's general in Washington -- The "new look" in Hitler generals -- The "no-Nazi" Hitler generals -- Heusunger, Hitler and the Wehrmacht : "There has been no crime" -- Heusinger : Poland! Norway! The Lowlands! France! Dunkirk -- Operation Sea Lion : Heusinger plans invasion of England -- Henchman Heusinger : Chief, OKH/Operations -- Barbarossa : Heusinger;s creation -- "The wages of prostitution" -- "Murder most foul" -- The myth and 20 July -- "Attentat! Attentat!" -- The shirt of Nessus -- Heusinger and 20 July -- Heusinger and the Genral Staff at Nuremberg : "We have seen them do it before" -- Heusinger and Jodl : "All decent men" -- Heusinger, old murderers, and the "new Wehrmacht" -- The Heusinger Wehrmacht -- "The dream of General Heusinger" -- Heusinger, West Germany and NATO : at the brink -- Epilogue: End og the myth.
|
| 600 |
1 |
0 |
|a Heusinger, Adolf,
|d 1897-1982.
|
| 650 |
|
0 |
|a World War, 1939-1945
|z Germany.
|
| 651 |
|
0 |
|a Germany (West)
|x Military policy.
|
| 948 |
|
|
|a cataloged
|b h
|c 2005/3/11
|d c
|e jgreene
|f 11:42:10 am
|
| 994 |
|
|
|a E0
|b TXA
|
| 999 |
|
|
|a MARS
|
| 999 |
f |
f |
|s f3274939-84ed-39bb-b936-b5f5adc3fd67
|i c5c8cfed-af0b-3b83-b3a7-3727b689249a
|t 0
|
| 952 |
f |
f |
|p ric
|a Texas A&M University
|b Rellis Campus
|c Joint Library Facility
|d Remote Storage
|t 0
|e DD247.H38 A7 1963
|h Library of Congress classification
|i unmediated -- volume
|m A14832347736
|
| 998 |
f |
f |
|a DD247.H38 A7 1963
|t 0
|l Remote Storage
|